000 00310nam a2200133Ia 4500
008 240624s9999 xx 000 0 und d
041 _aeng
082 _a303.4833 MIL
100 _aMILLER MICHAEL
245 _aYOUTUBE 4 YOU
260 _c2007
_aIndiana
_bQue
300 _a197 : p. : cm. ; 22
365 _c
_b27
999 _c15794
_d15794